| 000 | 00369nam a22001577a 4500 | ||
|---|---|---|---|
| 003 | OSt | ||
| 005 | 20211012105102.0 | ||
| 008 | 211012b |||||||| |||| 00| 0 eng d | ||
| 020 | _a9788120338913 | ||
| 040 | _cHU | ||
| 082 |
_26th _a301/scu |
||
| 100 |
_aRaymond Scupin _911611 |
||
| 245 | _aANTHROPOLOGY A Global Perspective | ||
| 300 | _a741 | ||
| 942 |
_2ddc _cBOOKS _n0 |
||
| 999 |
_c11803 _d11803 |
||